Casos prc̀ticos de derecho administrativo, fiscal y registral

Detalles Bibliográficos
Autor principal: Ricart Palau, Miguel
Formato: Desconocido
Lenguaje:español
Publicado: Madrid: Bosch, 1992
Materias:
Acceso en línea:Acceso restringido

MARC

LEADER 00000ny a22000003n 4500
005 20110606133515.0
008 080508t1992 sp s 000 0 spa c
020 |a 8476981880 
035 |a 1127 
040 |a UMA.RE  |d vLex 
080 |a 336.2(460)(076.5)(0.034) 
080 |a 347.235.11(460)(076.5)(0.034) 
080 |a 35(460)(076.5)(0.034) 
090 |c 493  |d 493 
100 1 |a Ricart Palau, Miguel 
245 1 0 |a Casos prc̀ticos de derecho administrativo, fiscal y registral  |h [Recurso electrn̤ico]  |c Miguel Ricart Palau 
256 |a Servicio en ln̕ea 
260 |a Madrid:  |b Bosch,  |c 1992 
506 1 |a Contenido solo disponible en los productos indicados  |d vLex Global  |d vLex Global (Academic Edition, excluding Law Schools)  |d vLex Global (U.S. Academic Edition, Law Schools)  |d vLex Global (U.S. Academic Edition, excluding Law Schools)  |d vLex Global (Academic Edition, Law Schools) 
650 0 7 |a Inmobiliario y registral  |2 Tesauro vLex 
650 0 7 |a Tributario  |2 Tesauro vLex 
650 0 7 |a Administrativo  |2 Tesauro vLex 
650 0 7 |a Actividad administrativa  |2 Tesauro vLex 
650 0 7 |a Derecho fiscal  |2 Tesauro vLex 
650 0 7 |a Derecho registral  |2 Tesauro vLex 
740 0 |a vLex Libros (Servicios en ln̕ea) 
856 4 0 |u http://vlex.com/source/1127  |z Acceso restringido 
942 |c BOOK 
999 0 |a Real property  |b Madrid